Statistics for The country that has the most…

Click here to take the quiz!

General Stats

  • This quiz has been taken 27 times
  • The average score is 7 of 15

Answer Stats

Country that has the most…Country% Correct
riceChina
76%
wineItaly
76%
pyramidsSudan
72%
hotelsUnited States
72%
riversRussia
68%
popcornUnited States
68%
artistsUnited States
68%
festivalsIndia
60%
sheepChina
56%
energyChina
48%
glaciersGreenland
28%
camelsSomalia
24%
foxesAustralia
8%
hospitalsColombia
4%
pineapplesCosta Rica
4%

Score Distribution

Percentile by Number Answered

Percent of People with Each Score

Your Score History

You have not taken this quiz